000 01178cam a22002897a 4500
001 15644734
005 20250324090313.0
008 090303s2009 cau b 001 0 eng d
020 _a9780787978075
020 _a0787978078
050 0 0 _aLB2805
_b.B823 2009
100 1 _aBrookfield, Stephen.
245 1 0 _aLearning as a way of leading :
_blessons from the struggle for social justice /
_cStephen Preskill, Stephen D. Brookfield.
260 _aSan Francisco :
_bJossey-Bass,
_cc2009.
300 _axxiii, 247 p. ;
_c24 cm.
440 0 _aJossey-Bass higher and adult education series
650 0 _aEducational leadership
_xSocial aspects.
650 0 _aSocial justice.
650 0 _aEducational equalization.
650 0 _aPolitical activists.
650 0 _aPolitical leadership.
700 1 _aPreskill, Stephen,
_d1950-
856 4 2 _3Contributor biographical information
_uhttp://www.loc.gov/catdir/enhancements/fy0907/2009275494-b.html
856 4 2 _3Publisher description
_uhttp://www.loc.gov/catdir/enhancements/fy0907/2009275494-d.html
856 4 1 _3Table of contents only
_uhttp://www.loc.gov/catdir/enhancements/fy0907/2009275494-t.html
942 _2lcc
_cBK
_n0
999 _c5106
_d5106